Jozef Sušienka

Podrobná bibliografia
Hlavný autor: Hološka, Ľudovít, 1943- (Autor)
Médium: Článok
Jazyk:slovenčina
Predmet:

MARC

LEADER 00000nab a2200000 a 4500
001 vtls000635121
003 SK-MaSNL
005 20260304091749.0
008 250425c1997 xo 0 slo
015 |a SNBRB19rr/mm-uuuuu 
035 |a CL0635260 
035 |a urn:nbn:sk:snk-abepu7 
035 |a (urnnbn)urn:nbn:sk:snk:ar-000aqx 
035 |a (uuid)22ac6e8d-0d68-4c5f-8b13-4a64f636deb3 
040 |a SNKBUCL  |b slo  |c SNKBUCL  |e AACR2 
041 0 |a slo 
044 |a xo  |c SK 
080 |a 730.071.1  |2 1981 
080 |a 738.071.1  |2 1981 
100 1 |a Hološka, Ľudovít,  |d 1943-  |4 aut  |9 105345 
245 1 0 |a Jozef Sušienka  |c Ľudovít Hološka 
600 1 7 |a Sušienka, Jozef  |d 1937-  |x tvorba - úvahy  |2 snkbucl  |9 1384561 
600 1 7 |a Sušienka, Jozef,  |d 1937-  |2 snkbucl  |9 113531 
655 7 |a články z novín a časopisov  |2 snkbucl  |9 267496 
773 0 |t Slovenské pohľady  |g Roč. 4+113, č. 9 (1997), s. 2. obál. 
850 |a Slovenská národná knižnica 
852 |a Slovenská národná knižnica 
958 |a article27 
958 |a SK 
958 |a RK 
958 |a OND 
958 |a EUIPO 
992 |a RBX 
999 |c 2816801  |d 2818731